| 000 | 01749ngm a2200433 4500 | ||
|---|---|---|---|
| 005 | 20220324164013.0 | ||
| 007 | vd cvaizk | ||
| 008 | 210110s2022 xx083 v eng d | ||
| 024 | 1 | _a760137785699 (videorecording) | |
| 040 |
_beng _erda _dCTMMCS |
||
| 082 | 0 | 4 |
_a[Fic] _223 |
| 245 | 0 | 2 |
_aA country romance _h[videorecording]. |
| 264 | 1 |
_a[Pottstown, Pennsylvania?] : _b[Music Video Distributors], _c[2022] |
|
| 264 | 2 |
_aOld Saybrook, Connecticut : _bwww.micromarketing.org |
|
| 300 |
_a[1 videodisc (approximately 83 minutes)?] : _bsound, color; _c4 3/4 in. |
||
| 336 | _atwo-dimensional moving image | ||
| 337 | _avideo | ||
| 338 | _avideodisc | ||
| 344 |
_adigital _boptical _gstereo _2rda |
||
| 345 |
_awidescreen (1.78:1) _b24 fps _2rda. |
||
| 346 |
_aNTSC _2rda |
||
| 347 |
_avideo file _bDVD video _eregion 1 _2rda |
||
| 500 | _aWidescreen edition. | ||
| 500 | _a[Typographic symbols and accents removed for systems compatibility.] | ||
| 511 | 1 | _aAlix Angelis, Jonathan Bennett, Violet Tinnirello. | |
| 520 |
_a"A woman finds romance with a handsome local when she returns home to help her father's family vineyard."-- _cProvided by publisher. |
||
| 521 | 8 | _aRating: TV14. | |
| 538 | _aDVD, color, widescreen, NTSC. | ||
| 546 | _aEnglish audio. | ||
| 650 | 0 |
_aWoman-man relationships _vDrama. _96443957 |
|
| 650 | 0 |
_aVineyards _vDrama. _96443958 |
|
| 655 | 7 |
_aFeature films. _2lcgft |
|
| 655 | 7 |
_aRomance films. _2lcgft _95675183 |
|
| 700 | 1 |
_aAngelis, Alix, _eactor. _96403636 |
|
| 700 | 1 |
_aBennett, Jonathan, _eactor. _957745 |
|
| 700 | 1 |
_aTinnirello, Violet, _eactor. _96443959 |
|
| 700 | 1 |
_aRoth, Danny, _edirector. _96386766 |
|
| 949 | _nwww.MicroMarketing.org 800-229-9887 | ||
| 999 |
_c371817 _d371817 |
||